| 000 | 00447nam a22001577a 4500 | ||
|---|---|---|---|
| 005 | 20240313120558.0 | ||
| 008 | 240313b |||||||| |||| 00| 0 eng d | ||
| 020 | _a9781733311410 | ||
| 082 |
_a297 _bMEH-M |
||
| 100 | _aMehmood Farooqi | ||
| 245 |
_aMahraab-e-Mumber : _bQissah Adam-o-Nuh _cby Mehmood Farooqi |
||
| 260 |
_aPakistan : _bIslamic Research Academy ; _c2022 . |
||
| 300 |
_a148 p . : _c21.5 cm |
||
| 650 | _aliterature | ||
| 999 |
_c35356 _d35356 |
||